| 000 | 004180000a22001810004500 | ||
|---|---|---|---|
| 005 | 20120302054821.0 | ||
| 942 | _cBOOK | ||
| 100 | _a Kulkarni,Bheemrao Balwant | ||
| 245 | _a Sabheta Kase Bolaawe ? | ||
| 250 | _a 3 | ||
| 260 | _aMumbai:Myajestika Book Stall,1965. | ||
| 300 | _a111p. | ||
| 490 | _aVikas Pustake-1 | ||
| 040 | _aMAR | ||
| 365 | _b2/- | ||
| 650 | _aSankirna | ||
| 650 | _aSabheta Kase Bolaawe ? | ||
| 999 |
_c346681 _d346678 |
||